| 000 | 00920ncm a22002415a 4500 | ||
|---|---|---|---|
| 001 | C00011471c | ||
| 005 | 20241029143126.0 | ||
| 008 | 950810s1891 ddrmtb n 1 ger d | ||
| 080 | _a785.74:787.1/.3 | ||
| 100 | 1 |
_aScontrino, Antonio ( _d1850-1922) _98332 |
|
| 245 | 1 | 0 |
_aPräludium und Fuge E moll _b: für 2 Violinen, Viola und Violoncell / _cvon Antonio Scontrino. |
| 254 | _a[Kleine Partitur]. | ||
| 260 |
_aLeipzig : _bErnst Eulenburg, _c[d. 1891] |
||
| 300 |
_aPartitura (18 p.) ; _c19 cm + _eFolleto catálogo de librería editorial. |
||
| 490 | 0 |
_aPayne´s kleine Partitur Ausgabe. Kammermusik ; _v307 |
|
| 500 | _aN. pl. : E.E. 3319. | ||
| 500 | _aFecha de publicidad tomada de "The new Grove dictionsary of music and musicians", vol. 6, Stanley Sadie 1980. | ||
| 500 | _aLegado Pérez Casas. | ||
| 650 | 1 | 4 |
_aCuartetos de Cuerda. _96738 |
| 852 | 4 | _jM-2384 | |
| 999 |
_c11263 _d11263 |
||